| 000 | 00414nam a2200157Ia 4500 | ||
|---|---|---|---|
| 008 | 160316s2010 xxu||||| |||| 00| 0 eng d | ||
| 082 |
_a312.000000 _bJAP-3 |
||
| 100 | _aJaphet S | ||
| 245 | _aCaste census towards inclusive India | ||
| 250 | _a | ||
| 260 |
_aBangalore _bC S S E & N L S I U _c2010 |
||
| 300 |
_a146p _b _c |
||
| 365 | _b Rs. 100 | ||
| 650 | _a1. Census - Caste - 2010 | ||
| 700 |
_aGowda Chandan _a |
||
| 999 |
_c33725 _d33725 |
||